000 00826nam a22002417a 4500
003 OSt
005 20241108175327.0
008 241108b |||||||| |||| 00| 0 eng d
020 _a9780273760597
040 _c.
050 _aQA76.9
_b.D5 .D613
100 _aCoulouris, George
245 _aDistributed Systems/
_bconcepts and design/international Edition
_cGeorge Coulouris, Jean Dollimore, Tim Kindberg, Gordon Blair; Arup Kumar Bhattacharjee & Soumen Mukherjee(international edition Contributors)
250 _a5th Ed.
260 _aBoston
_b Addison-Wesley, Pearson Education Limited
_c2012
300 _a1063pages
_bill.
_c23cm
700 _aDollimore, Jean
700 _aKindberg, Tim
700 _aBlair, Gordon
700 _aBhattachajee, Arup Kumar
700 _aMukherjee, Soumen
942 _2lcc
_cBK
_e5th Ed.
_n0
999 _c936
_d936